000 00299nam a2200121Ia 4500
008 190216s9999||||xx |||||||||||||| ||und||
100 _aAntony E C
245 2 _aA Taste Of Good Prose
260 _bBlackie Publishers & Distributors
_c1984
300 _a108p
650 _aEnglish Prose
942 _cBK
999 _c13512
_d13512